Communes les Plus peuplées d'Eure et Loir - Statistiques

Statistiques générales
  • Ce quiz a été pris 171 fois
  • Le résultat moyen est 10 sur 20
Statistiques - réponses
Hint Réponse % Correct
38752 Chartres
99%
30977 Dreux
96%
13077 Chateaudun
90%
15755 Lucé
81%
9940 Nogent le Rotrou
77%
11323 Mainvilliers
66%
4245 Maintenon
61%
6657 Luisant
59%
5154 Bonneval
55%
12494 Vernouillet
53%
5503 Epernon
52%
5687 Lèves
43%
4190 Le Coudray
39%
4132 Nogent le Roi
39%
3983 Les Villages Vovéens
34%
5808 Auneau - Bleury - Saint Symphorien
33%
5710 Cloyes les Trois Rivières
19%
4020 Saint Lubin des Joncherets
10%
3808 Arrou
9%
4007 Saint Rémy sur Avre
9%
Aucun quiz correspondant
Distribution des résultats
% des personnes avec chaque résultat
Percentile par nombre de réponses
Votre historique - résultats
Vous n’avez pas pris ce quiz